00343nam a2200133Ia 4500008004100000041000800041082001500049100001900064245003400083250002200117260002800139300001100167650003100178231207s9999 xx 000 0 und d aeng a658.40/JAW aW.S. Jawadekar aManagement information System a2005, 2nd Edition bTata mc graw hill Delhi aPB/726 aComnputer Program Language